[Event "FRA-chT Top 16 Basse"]
[Site "Belfort"]
[Date "2025.06.01"]
[Round "4.6"]
[White "Pourquet, Matthieu"]
[Black "Hejazipour, Mitra"]
[Result "1/2-1/2"]
[WhiteElo "2298"]
[BlackElo "2310"]
[PlyCount "52"]
[EventDate "2025.05.29"]
[EventType "team-tourn"]
[EventRounds "4"]
[EventCountry "FRA"]
[SourceTitle "CB23_2025"]
[SourceDate "2025.06.04"]
[SourceVersion "1"]
[SourceVersionDate "2025.06.04"]
[SourceQuality "1"]
[WhiteTeam "Vandoeuvre"]
[BlackTeam "Lyon"]
[WhiteTeamCountry "FRA"]
[BlackTeamCountry "FRA"]

1. d4 Nf6 2. c4 e6 3. g3 d5 4. Bg2 Bb4+ 5. Nd2 0-0 6. Ngf3 b6 7. 0-0 Bb7 8. b3 c5 9. Bb2 dxc4 10. Nxc4 cxd4 11. Qxd4 Qxd4 12. Nxd4 Bxg2 13. Kxg2 Rc8 14. Rfd1 Nbd7 15. Rac1 Bf8 16. h3 h5 17. f4 Nc5 18. Kf3 Nd5 19. Ne5 a5 20. Nec6 Nb4 21. Nxb4 axb4 22. Ra1 Ra7 23. Bc1 f6 24. Be3 e5 25. Nb5 Ra5 26. Nd6 Rca8 1/2-1/2

[Event "FRA-chT Top 16 Basse"]
[Site "Belfort"]
[Date "2025.05.29"]
[Round "1.5"]
[White "Pourquet, Matthieu"]
[Black "Heurtebize, Olivier"]
[Result "1-0"]
[WhiteElo "2298"]
[BlackElo "2250"]
[PlyCount "49"]
[EventDate "2025.05.29"]
[EventType "team-tourn"]
[EventRounds "4"]
[EventCountry "FRA"]
[SourceTitle "CB23_2025"]
[SourceDate "2025.06.04"]
[SourceVersion "1"]
[SourceVersionDate "2025.06.04"]
[SourceQuality "1"]
[WhiteTeam "Vandoeuvre"]
[BlackTeam "Le Mans"]
[WhiteTeamCountry "FRA"]
[BlackTeamCountry "FRA"]

1. Nf3 d5 2. d4 e6 3. c4 c6 4. Nbd2 Nd7 5. e4 dxe4 6. Nxe4 Ngf6 7. Nxf6+ Nxf6 8. Be2 c5 9. 0-0 cxd4 10. Qxd4 Be7 11. Qxd8+ Bxd8 12. Ne5 Nd7 13. Nd3 Bf6 14. Bf3 Ne5 15. Nxe5 Bxe5 16. Re1 f6 17. Rb1 Rb8 18. Be3 b6 19. c5 bxc5 20. Bxc5 a5 21. b4 axb4 22. Ba7 Rb7 23. Bxb7 Bxb7 24. Rxb4 Bc8 25. Bb8 1-0

[Event "FRA-chT rapid"]
[Site "Cappelle la Grande"]
[Date "2025.04.20"]
[Round "7.6"]
[White "Rabette, Paul"]
[Black "Pourquet, Matthieu"]
[Result "1-0"]
[WhiteElo "2022"]
[BlackElo "2157"]
[PlyCount "93"]
[EventDate "2025.04.19"]
[EventType "team-swiss (rapid)"]
[EventRounds "15"]
[EventCountry "FRA"]
[SourceTitle "CB17_2025"]
[SourceDate "2025.04.23"]
[SourceVersion "1"]
[SourceVersionDate "2025.04.23"]
[SourceQuality "1"]

1. Nf3 d5 2. d4 e6 3. c4 a6 4. cxd5 exd5 5. Nc3 h6 6. Bf4 Nf6 7. e3 Bd6 8. Bxd6 Qxd6 9. Be2 Nc6 10. 0-0 Bf5 11. Rc1 0-0 12. h3 Ne4 13. Nd2 Nxc3 14. bxc3 b5 15. Nb3 Nd8 16. Bd3 Bxd3 17. Qxd3 Ne6 18. Rfd1 f5 19. Nd2 Rae8 20. f4 g5 21. fxg5 hxg5 22. Rf1 Ng7 23. Nf3 Qh6 24. Ne5 Re6 25. Rce1 Qh4 26. Qe2 Nh5 27. Qf2 Qg3 28. Qf3 Qxf3 29. Rxf3 f4 30. Ref1 Ng3 31. Ra1 Ne2+ 32. Kh2 Nxc3 33. exf4 Ne2 34. f5 Rh6 35. Ng4 Rc6 36. Rd1 Rc2 37. Ra3 Nf4 38. Ne3 Rc6 39. g3 Ne2 40. Nxd5 Kg7 41. f6+ Kf7 42. Re3 Rc2 43. Re7+ Kg6 44. Rg7+ Kh6 45. Ne3 Rxa2 46. Nf5+ Kh5 47. g4# 1-0

[Event "Prague op 23rd"]
[Site "Prague"]
[Date "2025.01.14"]
[Round "6"]
[White "Rybackova, Lucie"]
[Black "Pourquet, Matthieu"]
[Result "0-1"]
[WhiteElo "2077"]
[BlackElo "2262"]
[PlyCount "56"]
[EventDate "2025.01.10"]
[EventType "swiss"]
[EventRounds "9"]
[EventCountry "CZE"]
[SourceTitle "CB04_2025"]
[SourceDate "2025.01.22"]
[SourceVersion "1"]
[SourceVersionDate "2025.01.22"]
[SourceQuality "1"]

1. g3 c5 2. Bg2 g6 3. Nf3 Bg7 4. 0-0 Nc6 5. c4 e5 6. e4 Nge7 7. Nc3 0-0 8. d3 d6 9. Ne1 a6 10. Nc2 Rb8 11. a4 Be6 12. Rb1 a5 13. Ne3 Nb4 14. Ned5 Nexd5 15. cxd5 Bd7 16. f4 Qb6 17. fxe5 c4+ 18. Kh1 Nxd3 19. Qe2 Nxe5 20. Bf4 Rbc8 21. Be3 Qb4 22. Qc2 Nd3 23. Bd2 Qc5 24. h3 h5 25. Ne2 Nb4 26. Bxb4 axb4 27. b3 b5 28. axb5 Bxb5 0-1

[Event "Prague op 23rd"]
[Site "Prague"]
[Date "2025.01.12"]
[Round "4"]
[White "Salgovic, Simon"]
[Black "Pourquet, Matthieu"]
[Result "1-0"]
[WhiteElo "2102"]
[BlackElo "2262"]
[PlyCount "73"]
[EventDate "2025.01.10"]
[EventType "swiss"]
[EventRounds "9"]
[EventCountry "CZE"]
[SourceTitle "CB04_2025"]
[SourceDate "2025.01.22"]
[SourceVersion "1"]
[SourceVersionDate "2025.01.22"]
[SourceQuality "1"]

1. e4 e6 2. d4 d5 3. Nd2 c5 4. exd5 Qxd5 5. Ngf3 cxd4 6. Bc4 Qd6 7. 0-0 Nf6 8. Nb3 Nc6 9. Nbxd4 Nxd4 10. Nxd4 Be7 11. Re1 0-0 12. c3 Qc7 13. Bb3 b6 14. Qf3 Bb7 15. Bf4 Bxf3 16. Bxc7 Bd5 17. Rad1 Rac8 18. Be5 Bxb3 19. axb3 a5 20. Nb5 Bc5 21. Bd6 Rfe8 22. b4 axb4 23. cxb4 Bxd6 24. Nxd6 Red8 25. Nxc8 Rxc8 26. Rc1 Rb8 27. Rc6 Nd5 28. Rec1 Ne7 29. Rc7 Kf8 30. Rd7 Ra8 31. g3 Nd5 32. Rb7 g6 33. Rd1 Ra4 34. Rd4 Ra2 35. Rd3 Rxb2 36. Rf3 f5 37. Ra3 1-0

[Event "Prague op 23rd"]
[Site "Prague"]
[Date "2025.01.11"]
[Round "2"]
[White "Amonov, Daler"]
[Black "Pourquet, Matthieu"]
[Result "1/2-1/2"]
[WhiteElo "2004"]
[BlackElo "2262"]
[PlyCount "58"]
[EventDate "2025.01.10"]
[EventType "swiss"]
[EventRounds "9"]
[EventCountry "CZE"]
[SourceTitle "CB04_2025"]
[SourceDate "2025.01.22"]
[SourceVersion "1"]
[SourceVersionDate "2025.01.22"]
[SourceQuality "1"]

1. e4 c6 2. d4 d5 3. exd5 cxd5 4. Bd3 Nf6 5. c3 Bg4 6. Qb3 Qc7 7. h3 Bd7 8. Ne2 Nc6 9. Bf4 e5 10. dxe5 Nxe5 11. Bxe5 Qxe5 12. Nd2 Bc5 13. Nf3 Qc7 14. 0-0 0-0 15. a4 Rad8 16. a5 a6 17. Ned4 g6 18. Rfc1 Bc8 19. Qc2 Rfe8 20. b4 Bf8 21. b5 Bh6 22. Rcb1 Ne4 23. bxa6 bxa6 24. Rb6 Rd6 25. Rab1 Qc5 26. Nb3 Qc7 27. Nbd4 Qc5 28. Qa4 Bd7 29. Qc2 Qc7 1/2-1/2

[Event "Benidorm Bali op-A 21st"]
[Site "Benidorm"]
[Date "2024.12.02"]
[Round "6"]
[White "Pourquet, Matthieu"]
[Black "Kanyamarala, Tarun"]
[Result "1/2-1/2"]
[WhiteElo "2260"]
[BlackElo "2371"]
[PlyCount "75"]
[EventDate "2024.11.29"]
[EventType "swiss"]
[EventRounds "9"]
[EventCountry "ESP"]
[SourceTitle "CB50_2024"]
[SourceDate "2024.11.01"]
[SourceVersion "1"]
[SourceVersionDate "2024.11.01"]
[SourceQuality "2"]

1. c4 e5 2. g3 Nf6 3. Bg2 Bc5 4. Nc3 c6 5. Nf3 e4 6. Nh4 d5 7. cxd5 cxd5 8. d3 Ng4 9. d4 Bb4 10. f3 g5 11. fxg4 gxh4 12. 0-0 hxg3 13. Bf4 gxh2+ 14. Kh1 Nc6 15. Nb5 0-0 16. Qb3 Be6 17. Rac1 Be7 18. Nc7 Nxd4 19. Qe3 Nc6 20. Nxa8 Qxa8 21. Bh6 Re8 22. Qc3 Bf8 23. Bxf8 Rxf8 24. b4 Qb8 25. b5 Ne5 26. g5 Nc4 27. Qd4 Qg3 28. Rc3 Qg4 29. Rh3 Qxe2 30. Rxh2 Ne3 31. g6 fxg6 32. Rxf8+ Kxf8 33. Qf6+ Bf7 34. Qd6+ Kg8 35. Qb8+ Kg7 36. Qe5+ Kg8 37. Qb8+ Kg7 38. Qe5+ 1/2-1/2

[Event "Acqui Terme op"]
[Site "Acqui Terme"]
[Date "2024.06.14"]
[Round "7"]
[White "Collutiis, Duilio"]
[Black "Pourquet, Matthieu"]
[Result "1/2-1/2"]
[WhiteElo "2322"]
[BlackElo "2221"]
[PlyCount "21"]
[EventDate "2024.06.08"]
[EventType "swiss"]
[EventRounds "9"]
[EventCountry "ITA"]
[SourceTitle "CBM 220 Extra"]
[Source "ChessBase"]
[SourceDate "2024.07.31"]
[SourceVersion "1"]
[SourceVersionDate "2024.07.31"]
[SourceQuality "1"]

1. d4 Nf6 2. Bg5 d5 3. Nc3 h6 4. Bxf6 exf6 5. e4 dxe4 6. Nxe4 f5 7. Nc3 Be7 8. Nf3 0-0 9. Bc4 a6 10. a4 c5 11. 0-0 1/2-1/2

[Event "Acqui Terme op"]
[Site "Acqui Terme"]
[Date "2024.06.12"]
[Round "5"]
[White "Dobboletta, Alex"]
[Black "Pourquet, Matthieu"]
[Result "0-1"]
[WhiteElo "2170"]
[BlackElo "2221"]
[PlyCount "70"]
[EventDate "2024.06.08"]
[EventType "swiss"]
[EventRounds "9"]
[EventCountry "ITA"]
[SourceTitle "CBM 220 Extra"]
[Source "ChessBase"]
[SourceDate "2024.07.31"]
[SourceVersion "1"]
[SourceVersionDate "2024.07.31"]
[SourceQuality "1"]

1. Nf3 Nf6 2. g3 c5 3. Bg2 Nc6 4. 0-0 e5 5. c4 d5 6. cxd5 Nxd5 7. d3 Be7 8. Nc3 Nc7 9. Be3 0-0 10. Rc1 Bd7 11. Nd2 Kh8 12. f4 exf4 13. gxf4 Ne6 14. Nd5 Ned4 15. Ne4 Bg4 16. Ng3 Bh4 17. Rf2 Qd6 18. Be4 f5 19. Bh1 Rfe8 20. b4 cxb4 21. Rc4 Nb5 22. Qf1 Qg6 23. Bd2 a5 24. e4 Rad8 25. Be3 Nd6 26. Rc5 Bxg3 27. hxg3 fxe4 28. Nc7 Nf5 29. Bxe4 Rxe4 30. Rxf5 Rxe3 31. Rg5 Qd6 32. Nb5 Qe7 33. Qg2 Qe6 34. Rf1 Bh3 35. Qb2 Qf6 0-1

[Event "Cappelle op 40th"]
[Site "Cappelle la Grande"]
[Date "2024.03.03"]
[Round "2"]
[White "Pourquet, Matthieu"]
[Black "Vlachos, Anatole"]
[Result "0-1"]
[WhiteElo "2233"]
[BlackElo "2479"]
[PlyCount "106"]
[EventDate "2024.03.02"]
[EventType "swiss"]
[EventRounds "9"]
[EventCountry "FRA"]
[SourceTitle "CBM 219 Extra"]
[Source "ChessBase"]
[SourceDate "2024.05.31"]
[SourceVersion "1"]
[SourceVersionDate "2024.05.31"]
[SourceQuality "1"]

1. d4 d5 2. c4 e6 3. Nf3 Nf6 4. g3 Be7 5. Bg2 0-0 6. 0-0 dxc4 7. Qc2 a6 8. a4 Bd7 9. Qxc4 Bc6 10. Nc3 b5 11. Qd3 b4 12. Nb1 Be4 13. Qd1 c5 14. dxc5 Qxd1 15. Rxd1 Nbd7 16. Bf4 Nxc5 17. Nbd2 Bd5 18. Ne5 Bxg2 19. Kxg2 Nd5 20. Nec4 Nxf4+ 21. gxf4 Rac8 22. Nb6 Rcd8 23. Ndc4 f6 24. Kf1 Kf7 25. e3 Rxd1+ 26. Rxd1 Rd8 27. Rc1 Nb3 28. Rc2 Ke8 29. Ke2 Rb8 30. Nc8 Rxc8 31. Nd6+ Bxd6 32. Rxc8+ Ke7 33. Ra8 Nc5 34. Ra7+ Kf8 35. h3 Be7 36. a5 f5 37. f3 Bd8 38. Ra8 Ke7 39. Rc8 Nb7 40. Rb8 Nxa5 41. Rxb4 Kd6 42. Kd3 Kc5 43. Rb8 Nc6 44. Rb7 Bf6 45. Kc2 Nb4+ 46. Kb3 Nd5 47. Ka4 Nxe3 48. b4+ Kc6 49. Rb8 Nd5 50. Ka5 Bc3 51. Kxa6 Nxb4+ 52. Ka7 Bd4+ 53. Ka8 Nd5 0-1

[Event "Skopje op-A"]
[Site "Skopje"]
[Date "2023.12.08"]
[Round "4"]
[White "Pourquet, Matthieu"]
[Black "Velkoski, Stojan"]
[Result "1-0"]
[WhiteElo "2267"]
[BlackElo "2035"]
[PlyCount "70"]
[EventDate "2023.12.06"]
[EventType "swiss"]
[EventRounds "9"]
[EventCountry "MKD"]
[SourceTitle "CBM 217 Extra"]
[Source "ChessBase"]
[SourceDate "2024.01.31"]
[SourceVersion "1"]
[SourceVersionDate "2024.01.31"]
[SourceQuality "1"]

1. c4 e6 2. g3 d5 3. Bg2 Nf6 4. Nf3 dxc4 5. Qa4+ Bd7 6. Qxc4 c5 7. Ne5 Qc8 8. 0-0 Nc6 9. Nxd7 Qxd7 10. Qa4 Nd5 11. Nc3 h5 12. Nxd5 exd5 13. d3 Be7 14. Be3 Rc8 15. d4 Nxd4 16. Qxd7+ Kxd7 17. Bxd4 cxd4 18. Bh3+ Kd6 19. Bxc8 Rxc8 20. Rac1 Re8 21. Rc2 Bd8 22. Rd1 Bb6 23. Rd3 f5 24. Kf1 g5 25. b4 Re7 26. a4 a5 27. bxa5 Bc5 28. Rb3 Rd7 29. Ke1 g4 30. Rb5 Ba7 31. Rcb2 Kc6 32. a6 bxa6 33. Ra5 Kd6 34. Rxa6+ Ke5 35. Rc6 d3 1-0

[Event "Bratislava exe op"]
[Site "Bratislava"]
[Date "2023.09.20"]
[Round "6"]
[White "Babula, Matej"]
[Black "Pourquet, Matthieu"]
[Result "0-1"]
[WhiteElo "2042"]
[BlackElo "2248"]
[PlyCount "130"]
[EventDate "2023.09.15"]
[EventType "swiss"]
[EventRounds "9"]
[EventCountry "SVK"]
[SourceTitle "CBM 216 Extra"]
[Source "ChessBase"]
[SourceDate "2023.11.30"]
[SourceVersion "1"]
[SourceVersionDate "2023.11.30"]
[SourceQuality "1"]

1. e4 c5 2. Nf3 a6 3. c3 d5 4. exd5 Qxd5 5. d4 Bg4 6. Be2 e6 7. 0-0 Nf6 8. h3 Bh5 9. Be3 cxd4 10. Nxd4 Bxe2 11. Qxe2 Be7 12. Nd2 Nbd7 13. N2f3 Rc8 14. Bf4 0-0 15. Ne5 Nxe5 16. Qxe5 Qxe5 17. Bxe5 Nd7 18. Bg3 Nc5 19. Rad1 Na4 20. Rd2 Rfd8 21. Rfd1 Bf6 22. Kf1 h5 23. Ke1 b5 24. Ne2 Rxd2 25. Rxd2 a5 26. Bd6 Nb6 27. Bf4 g5 28. Be3 Nc4 29. Rc2 Nxe3 30. fxe3 Kg7 31. Nd4 Rc5 32. Nb3 Re5 33. Nxa5 Rxe3+ 34. Kf2 Re4 35. b3 g4 36. hxg4 hxg4 37. c4 Bd4+ 38. Kg3 Re3+ 39. Kh2 Be5+ 40. Kg1 g3 41. Rc1 Bc3 42. Nb7 bxc4 43. bxc4 Re2 44. c5 Bd4+ 45. Kf1 Rf2+ 46. Ke1 Rxg2 47. Rc4 Rg1+ 48. Ke2 Be5 49. c6 Bc7 50. a4 Ra1 51. Kf3 Ra2 52. Nc5 Kg6 53. Na6 Rf2+ 54. Ke3 Bb6+ 55. Nc5 Rf5 56. Ke2 Rxc5 57. Rxc5 Bxc5 58. c7 g2 59. c8Q g1Q 60. Qg8+ Kf6 61. Qa8 Qe3+ 62. Kd1 Qd3+ 63. Ke1 Bb4+ 64. Kf2 Qd2+ 65. Kg3 Bd6+ 0-1

[Event "Bratislava exe op"]
[Site "Bratislava"]
[Date "2023.09.15"]
[Round "1"]
[White "Pourquet, Matthieu"]
[Black "Han, Oron"]
[Result "1-0"]
[WhiteElo "2248"]
[BlackElo "1659"]
[PlyCount "109"]
[EventDate "2023.09.15"]
[EventType "swiss"]
[EventRounds "9"]
[EventCountry "SVK"]
[SourceTitle "CBM 216 Extra"]
[Source "ChessBase"]
[SourceDate "2023.11.30"]
[SourceVersion "1"]
[SourceVersionDate "2023.11.30"]
[SourceQuality "1"]

1. d4 Nf6 2. c4 g6 3. Nc3 d5 4. cxd5 Nxd5 5. Bd2 Bg7 6. e4 Nxc3 7. Bxc3 c5 8. d5 0-0 9. Qd2 e6 10. Bxg7 Kxg7 11. 0-0-0 exd5 12. exd5 b6 13. h4 h6 14. h5 g5 15. f4 g4 16. Ne2 f5 17. Ng3 Ba6 18. Qc3+ Kg8 19. Bd3 Bxd3 20. Qxd3 Qf6 21. Rhe1 c4 22. Qc2 Qf7 23. d6 Nc6 24. Kb1 b5 25. Qd2 b4 26. Qd5 Qxd5 27. Rxd5 Rae8 28. Red1 b3 29. axb3 cxb3 30. d7 Rd8 31. Nxf5 Kh7 32. g3 Rf6 33. Ne3 Rf7 34. Nxg4 Ne7 35. Rc5 Kg7 36. Ne5 Rf5 37. Rd3 Rxh5 38. Rxb3 Rh1+ 39. Ka2 Rd1 40. Rb7 a6 41. Ra7 Rd6 42. Ka3 Rb6 43. Rc2 Kf6 44. Rac7 Rbb8 45. Nc6 Nxc6 46. R2xc6+ Ke7 47. Rxh6 Rg8 48. Rh7+ Kd8 49. Rc3 Rf8 50. Rd3 a5 51. Rh5 Ra8 52. g4 Ra7 53. Rh7 Rc7 54. g5 Rc5 55. g6 1-0

[Event "FRA-ch Accession 96th"]
[Site "L'Alpe d'Huez"]
[Date "2023.08.25"]
[Round "7"]
[White "Di Nicolantonio, Lucas"]
[Black "Pourquet, Matthieu"]
[Result "1/2-1/2"]
[WhiteElo "2383"]
[BlackElo "2183"]
[PlyCount "57"]
[EventDate "2023.08.19"]
[EventType "swiss"]
[EventRounds "9"]
[EventCountry "FRA"]
[SourceTitle "CBM 215 Extra"]
[Source "ChessBase"]
[SourceDate "2023.09.30"]
[SourceVersion "1"]
[SourceVersionDate "2023.09.30"]
[SourceQuality "1"]

1. e4 c5 2. Nf3 Nc6 3. Bb5 g6 4. Bxc6 dxc6 5. d3 Qc7 6. 0-0 e5 7. a4 Nf6 8. Na3 Nh5 9. Nc4 f6 10. Be3 Be7 11. c3 Be6 12. Qe2 0-0 13. d4 exd4 14. cxd4 Nf4 15. Qc2 cxd4 16. Nxd4 Bf7 17. a5 Ne6 18. Rfd1 Rfe8 19. g3 Bf8 20. Nxe6 Bxe6 21. a6 b6 22. Bf4 Qf7 23. Nd6 Bxd6 24. Rxd6 c5 25. Qc3 g5 26. Be3 Rad8 27. Rad1 Qe7 28. e5 Rxd6 29. Rd2 1/2-1/2

[Event "FRA-ch Accession 96th"]
[Site "L'Alpe d'Huez"]
[Date "2023.08.23"]
[Round "5"]
[White "Pourquet, Matthieu"]
[Black "Boyer, Mahel"]
[Result "1/2-1/2"]
[WhiteElo "2183"]
[BlackElo "2476"]
[PlyCount "91"]
[EventDate "2023.08.19"]
[EventType "swiss"]
[EventRounds "9"]
[EventCountry "FRA"]
[SourceTitle "CBM 215 Extra"]
[Source "ChessBase"]
[SourceDate "2023.09.30"]
[SourceVersion "1"]
[SourceVersionDate "2023.09.30"]
[SourceQuality "1"]

1. Nf3 d5 2. d4 e6 3. g3 b6 4. Bg2 Bb7 5. 0-0 Nd7 6. a4 a6 7. Bf4 Ngf6 8. c3 c5 9. Nbd2 Be7 10. a5 b5 11. Qb1 cxd4 12. cxd4 Bb4 13. Nb3 Rc8 14. Bd2 Qe7 15. Bxb4 Qxb4 16. Nc1 Ne4 17. Nd3 Qe7 18. Rc1 0-0 19. Rxc8 Rxc8 20. Qe1 Rc4 21. e3 h5 22. Qd1 Ndf6 23. Nfe5 Rc7 24. Rc1 h4 25. Rc2 Qd8 26. f3 Rxc2 27. Qxc2 Qxa5 28. fxe4 dxe4 29. Qc3 Qxc3 30. bxc3 exd3 31. Bxb7 d2 32. Bf3 Ne4 33. c4 b4 34. c5 b3 35. Nc4 Kf8 36. Bd1 Nc3 37. Bxb3 d1R+ 38. Bxd1 Nxd1 39. gxh4 a5 40. Kf1 a4 41. Ke2 Nc3+ 42. Kd3 Nb5 43. Kc2 f5 44. Ne5 Ke8 45. Nd3 Ke7 46. Kb2 1/2-1/2

[Event "Vaujany op 14th"]
[Site "Vaujany"]
[Date "2023.07.14"]
[Round "2"]
[White "Pourquet, Matthieu"]
[Black "Horvath, Jozsef"]
[Result "0-1"]
[WhiteElo "2172"]
[BlackElo "2432"]
[PlyCount "98"]
[EventDate "2023.07.13"]
[EventType "swiss"]
[EventRounds "9"]
[EventCountry "FRA"]
[SourceTitle "CBM 215 Extra"]
[Source "ChessBase"]
[SourceDate "2023.09.30"]
[SourceVersion "1"]
[SourceVersionDate "2023.09.30"]
[SourceQuality "1"]

1. d4 e6 2. e4 b6 3. Nf3 Bb7 4. Bd3 c5 5. dxc5 Bxc5 6. 0-0 Ne7 7. Nbd2 Ng6 8. Nb3 Be7 9. a4 Nc6 10. a5 Nxa5 11. Nxa5 bxa5 12. Nd4 Ne5 13. Nb3 Nc6 14. Be3 0-0 15. Qd2 d5 16. Rfd1 d4 17. Bf4 e5 18. Bg3 Qb6 19. Qe2 f6 20. h4 Kh8 21. h5 Bb4 22. Bc4 Rac8 23. Nc1 Bd6 24. Nb3 Bb4 25. Nc1 Rc7 26. Kh2 Bd6 27. Nb3 Bb4 28. f3 Ne7 29. Bd3 Bc6 30. f4 a4 31. Nd2 Bxd2 32. Qxd2 f5 33. fxe5 fxe4 34. Bc4 Nf5 35. Rf1 Bd7 36. Bd5 e3 37. Qd3 Rcc8 38. Qe4 Qh6 39. Qg4 Be6 40. Be4 Nxg3 41. Qxg3 Qxh5+ 42. Kg1 Bf5 43. Qf4 g5 44. Qxf5 Rxf5 45. Rxf5 Qh4 46. Bd3 g4 47. Rf4 Qg3 48. Rf5 Re8 49. Raf1 e2 0-1

[Event "FRA-chT Top 16 GpA"]
[Site "Chartres"]
[Date "2023.06.07"]
[Round "7.2"]
[White "Dorfman, Josif D"]
[Black "Pourquet, Matthieu"]
[Result "1/2-1/2"]
[WhiteElo "2541"]
[BlackElo "2181"]
[PlyCount "55"]
[EventDate "2023.06.01"]
[EventType "team-tourn"]
[EventRounds "7"]
[EventCountry "FRA"]
[SourceTitle "CBM 214 Extra"]
[Source "ChessBase"]
[SourceDate "2023.07.31"]
[SourceVersion "1"]
[SourceVersionDate "2023.07.31"]
[SourceQuality "1"]
[WhiteTeam "Chalon"]
[BlackTeam "Vandoeuvre"]
[WhiteTeamCountry "FRA"]
[BlackTeamCountry "FRA"]

1. d4 Nf6 2. c4 e6 3. Nf3 b6 4. g3 Bb7 5. Bg2 Bb4+ 6. Bd2 c5 7. 0-0 0-0 8. Bxb4 cxb4 9. Qd3 d6 10. Nbd2 Qc7 11. Rfc1 Nbd7 12. a3 bxa3 13. b4 a5 14. Qxa3 axb4 15. Qxb4 Rxa1 16. Rxa1 Ra8 17. Rxa8+ Bxa8 18. Ng5 Bxg2 19. Kxg2 h6 20. Nge4 Nxe4 21. Nxe4 Qc6 22. f3 d5 23. cxd5 Qxd5 24. Nc3 Qc6 25. e4 h5 26. h4 Nf6 27. Kf2 g6 28. Ke3 1/2-1/2

[Event "Marianske Lazne IM-B1 21st"]
[Site "Marianske Lazne"]
[Date "2023.01.18"]
[Round "6"]
[White "Pourquet, Matthieu"]
[Black "Plischki, Sebastian"]
[Result "1/2-1/2"]
[WhiteElo "2212"]
[BlackElo "2331"]
[PlyCount "137"]
[EventDate "2023.01.14"]
[EventType "tourn"]
[EventRounds "9"]
[EventCountry "CZE"]
[SourceTitle "CBM 212 Extra"]
[Source "ChessBase"]
[SourceDate "2023.03.31"]
[SourceVersion "1"]
[SourceVersionDate "2023.03.31"]
[SourceQuality "1"]

1. Nf3 c5 2. c4 Nc6 3. Nc3 g6 4. e3 Nf6 5. d4 cxd4 6. exd4 d5 7. cxd5 Nxd5 8. Qb3 Nxc3 9. Bc4 e6 10. bxc3 Bg7 11. Ba3 Na5 12. Bb5+ Bd7 13. Qa4 Nc6 14. Qb3 Ne7 15. Rb1 b6 16. Be2 0-0 17. 0-0 Bc6 18. Rbd1 Qc7 19. c4 Rfd8 20. Rfe1 Bb7 21. Bf1 Bf6 22. Bb2 Rac8 23. Ne5 Bg7 24. Qh3 Nf5 25. Ba1 Bxe5 26. dxe5 Rxd1 27. Rxd1 Rd8 28. Rxd8+ Qxd8 29. Qd3 Qg5 30. Bc3 h5 31. Qd2 Qe7 32. Bb4 Qc7 33. Qc3 a5 34. Ba3 b5 35. Bd6 Nxd6 36. exd6 Qxd6 37. cxb5 a4 38. a3 Kf8 39. h3 Bd5 40. Qe3 Kg8 41. Be2 Qc7 42. b6 Qc2 43. Bf3 Qb2 44. h4 Kg7 45. Kh2 Kh7 46. Kh3 Kg7 47. Kh2 Kh7 48. Kg3 Kg7 49. Kh3 Kh7 50. Kh2 Kg7 51. Bxd5 exd5 52. Qc5 d4 53. Qe5+ Kg8 54. Qe8+ Kg7 55. Qe5+ Kg8 56. Qf6 Kf8 57. g3 Kg8 58. Kg2 Kf8 59. Qd6+ Kg7 60. Qe5+ Kg8 61. Qf6 Kf8 62. Qd6+ Kg7 63. Qe5+ Kg8 64. Qf6 Kf8 65. Qd8+ Kg7 66. Qc7 d3 67. b7 d2 68. b8Q Qxb8 69. Qxb8 1/2-1/2

[Event "Marianske Lazne IM-B1 21st"]
[Site "Marianske Lazne"]
[Date "2023.01.17"]
[Round "5"]
[White "Pourquet, Matthieu"]
[Black "Koridze, Lile"]
[Result "1-0"]
[WhiteElo "2212"]
[BlackElo "2139"]
[PlyCount "73"]
[EventDate "2023.01.14"]
[EventType "tourn"]
[EventRounds "9"]
[EventCountry "CZE"]
[SourceTitle "CBM 212 Extra"]
[Source "ChessBase"]
[SourceDate "2023.03.31"]
[SourceVersion "1"]
[SourceVersionDate "2023.03.31"]
[SourceQuality "1"]

1. c4 e5 2. Nc3 Nf6 3. Nf3 Nc6 4. d4 exd4 5. Nxd4 Nxd4 6. Qxd4 d6 7. g3 Be7 8. Bg2 0-0 9. 0-0 a6 10. Rd1 Rb8 11. a4 Be6 12. b3 Nd7 13. Qd3 Bf6 14. Rb1 Ne5 15. Qc2 Nc6 16. Ne4 Bf5 17. Qd2 Be5 18. Ba3 Re8 19. e3 Qe7 20. Rbc1 Rbd8 21. Nc3 Bxc3 22. Qxc3 Be4 23. f3 Bg6 24. e4 f5 25. exf5 Bxf5 26. Re1 Qg5 27. Bb2 Qg6 28. f4 h5 29. b4 a5 30. bxa5 Ra8 31. a6 Rxe1+ 32. Rxe1 Rxa6 33. Bxc6 Rxc6 34. Re7 Kf8 35. Rxg7 Qh6 36. Rg5 Rc5 37. Ba3 1-0

[Event "Vienna Advent op"]
[Site "Vienna"]
[Date "2022.12.06"]
[Round "2"]
[White "Pourquet, Matthieu"]
[Black "Weichhart, Daniel"]
[Result "1-0"]
[WhiteElo "2209"]
[BlackElo "1919"]
[PlyCount "80"]
[EventDate "2022.12.05"]
[EventType "tourn"]
[EventRounds "7"]
[EventCountry "AUT"]
[SourceTitle "CBM 211 Extra"]
[Source "ChessBase"]
[SourceDate "2023.01.31"]
[SourceVersion "1"]
[SourceVersionDate "2023.01.31"]
[SourceQuality "1"]

1. c4 c6 2. e4 d5 3. exd5 cxd5 4. d4 Nf6 5. Nc3 Nc6 6. Nf3 Bg4 7. cxd5 Nxd5 8. Qb3 Bxf3 9. gxf3 e6 10. Qxb7 Nxd4 11. Bb5+ Nxb5 12. Qc6+ Ke7 13. Qxb5 Qd7 14. Nxd5+ Qxd5 15. Qxd5 exd5 16. 0-0 f6 17. Be3 a6 18. Rac1 Rd8 19. Rc7+ Rd7 20. Rfc1 Ke6 21. R1c6+ Bd6 22. Rxd7 Kxd7 23. Rxa6 Be5 24. b3 d4 25. Bd2 g5 26. h3 Rc8 27. Kf1 Rc2 28. Ke1 Rb2 29. f4 gxf4 30. Ke2 Rb1 31. Ra7+ Kc6 32. Rxh7 Rb2 33. Ra7 Kb6 34. Ra4 f3+ 35. Kd3 Bg3 36. Rxd4 Bxf2 37. Rd6+ Kc5 38. Rxf6 Rxa2 39. Rxf3 Bg1 40. Rg3 Ra1 1-0

[Event "Villa de Gijon op 6th"]
[Site "Gijon"]
[Date "2022.09.15"]
[Round "8"]
[White "Martin Duque, Jesus"]
[Black "Pourquet, Matthieu"]
[Result "1-0"]
[WhiteElo "2378"]
[BlackElo "2193"]
[PlyCount "113"]
[EventDate "2022.09.10"]
[EventType "swiss"]
[EventRounds "9"]
[EventCountry "ESP"]
[SourceTitle "CBM 210 Extra"]
[Source "ChessBase"]
[SourceDate "2022.11.30"]
[SourceVersion "1"]
[SourceVersionDate "2022.11.30"]
[SourceQuality "1"]

1. b3 e5 2. Bb2 d6 3. c4 Nc6 4. g3 g6 5. Bg2 Bg7 6. Nc3 Be6 7. d3 Qd7 8. h4 h6 9. e3 Nge7 10. Nd5 0-0 11. Ne2 Rae8 12. Qd2 Nd8 13. d4 f5 14. dxe5 Bxd5 15. Bxd5+ Nxd5 16. Qxd5+ Qf7 17. Nf4 Bxe5 18. Bxe5 Rxe5 19. Qxf7+ Rxf7 20. Nxg6 Re4 21. Nf4 Ne6 22. Nxe6 Rxe6 23. 0-0-0 Kg7 24. Rd4 Re5 25. Rhd1 Kf6 26. Kd2 Rf8 27. g4 fxg4 28. Rxg4 Rf5 29. Ke2 Ke6 30. f4 a6 31. Kf3 b5 32. e4 R5f6 33. f5+ Ke7 34. Rg7+ R6f7 35. Rxf7+ Rxf7 36. Rg1 bxc4 37. bxc4 Kf6 38. Kf4 Rh7 39. Rg6+ Kf7 40. e5 dxe5+ 41. Kxe5 Rh8 42. Rxa6 Re8+ 43. Re6 Ra8 44. Rxh6 Ra5+ 45. Kf4 Rc5 46. Kg5 Rxc4 47. Rh7+ Kg8 48. Rd7 Rc6 49. h5 Ra6 50. Rd2 c5 51. h6 Ra3 52. Rd8+ Kh7 53. Rd7+ Kg8 54. f6 Rg3+ 55. Kf4 Rh3 56. Rg7+ Kf8 57. h7 1-0